Municipios de Ciudad Real - Estadísticas

Estadísticas generales
  • Esta prueba ha sido intentada 148 veces
  • La puntuación promedio es 30 de 100
Respuestas en el mapa
Las respuestas están codificadas por una escala verde-roja en el mapa de la prueba según el % correcto abajo.
 
Estadísticas de respuestas
Respuesta % Correcto
Ciudad Real
85%
Tomelloso
80%
Puertollano
75%
Daimiel
73%
Valdepeñas
73%
Manzanares
72%
Alcazar de San Juan
68%
Almagro
66%
La Solana
62%
Campo de Criptana
59%
Miguelturra
58%
Villanueva de los Infantes
57%
Almadén
50%
Bolaños de Calatrava
49%
Socuellamos
49%
Puerto Lápice
48%
Ruidera
47%
Santa Cruz de Mudela
44%
Villarrubia de los Ojos
44%
Argamasilla de Alba
43%
Herencia
42%
Malagón
42%
Membrilla
40%
Pedro Muñoz
40%
Piedrabuena
40%
Calzada de Calatrava
39%
Carrión de Calatrava
37%
Montiel
37%
Argamasilla de Calatrava
35%
El Viso del Marqués
35%
Porzuna
35%
Aldea del Rey
34%
Almodóvar del Campo
34%
Fuente el Fresno
34%
Poblete
34%
Almuradiel
31%
Fuencaliente
31%
Cózar
30%
San Carlos del Valle
30%
Alcubillas
29%
Brazatortas
29%
Pozuelo de Calatrava
29%
Torralba de Calatrava
29%
Alhambra
28%
Carrizosa
28%
Picón
27%
Puebla de Don Rodrigo
26%
El Robledo
25%
Terrinches
25%
Torrenueva
25%
Villamanrique
25%
Villanueva de la Fuente
25%
Villarta de San Juan
25%
Agudo
24%
Arenas de San Juan
24%
Chillón
24%
Villahermosa
24%
Albaladejo
23%
Corral de Calatrava
23%
Torre de Juan Abad
23%
Alcolea de Calatrava
22%
Fernán Caballero
22%
Granátula de Calatrava
22%
Horcajo de los Montes
22%
Abenójar
21%
Santa Cruz de los Cáñamos
21%
Valenzuela de Calatrava
20%
Alcoba
19%
Almadenejos
19%
Ballesteros de Calatrava
19%
Castellar de Santiago
19%
Llanos del Caudillo
19%
Luciana
19%
Arroba de los Montes
18%
Los Cortijos
18%
Puebla del Principe
18%
Almedina
17%
Cabezarados
17%
Alamillo
16%
Anchuras
16%
Arenales de San Gregorio
16%
Fuenllana
16%
Navalpino
16%
Retuerta del Bullaque
15%
Solana del Pino
15%
Mestanza
13%
Caracuel de Calatrava
12%
Fontanarejo
12%
Guadalmez
12%
Navas de Estena
12%
Saceruela
12%
Las Labores
11%
Villamayor de Calatrava
11%
Los Pozuelos de Calatrava
10%
Cabezarrubias del Puerto
9%
Villar del Pozo
9%
San Lorenzo de Calatrava
6%
Valdemanco del Esteras
6%
Villanueva de San Carlos
4%
Hinojosa de Calatrava
3%
No se encontraron pruebas coincidentes
Distribución de puntuación
Porcentaje de gente con cada puntuación
Porcentaje por número respondido
Historial de tus puntuaciones
No has intentado esta prueba.